000
00281nam a2200109Ia 4500
008
220216s9999 xx 000 0 und d
245
0
_a
Rubber kuruvinte vanijya saadhyadhakal
260
_b
Rubber Mithram (Malayalam)
_c
2005
300
_a
19-23
650
_a
Rubber seed
942
_c
JS
999
_c
67773
_d
67773